Bharat Ratnas / (Record no. 145547)

MARC details
000 -LEADER
fixed length control field 00535nam a22001937a 4500
005 - DATE AND TIME OF LATEST TRANSACTION
control field 20170926142329.0
010 ## - LCCN (DPL NO)
LC control number ENG-120728
020 ## - INTERNATIONAL STANDARD BOOK NUMBER
International Standard Book Number 9788184304060
Terms of availability 450.00
035 ## - SYSTEM CONTROL NUMBER
System control number EN-104260
037 ## - SOURCE OF ACQUISITION
Source of stock number/acquisition DBAD/PUB
082 ## - DEWEY DECIMAL CLASSIFICATION NUMBER
Classification number 920
100 ## - MAIN ENTRY--PERSONAL NAME
Personal name Anil Kumar
245 ## - TITLE STATEMENT
Title Bharat Ratnas /
Remainder of title by Anil Kumar [and] Manish Kumar
260 ## - PUBLICATION, DISTRIBUTION, ETC. (IMPRINT)
Place of publication, distribution, etc New Delhi
Name of publisher, distributor, etc Ocean Books
Date of publication, distribution, etc 2016
270 ## - ADDRESS
Address 4/19,Asaf Ali Road
City Delhi
Postal code 110002
300 ## - PHYSICAL DESCRIPTION
Extent 302p.:
Dimensions 23cm(Hb)
Other physical details ill.
700 ## - ADDED ENTRY--PERSONAL NAME
Personal name Manish Kumar
942 ## - ADDED ENTRY ELEMENTS (KOHA)
Source of classification or shelving scheme Dewey Decimal Classification
Item type English Books
Classification part 920
Call number suffix ANI
Holdings
Withdrawn status Lost status Not for loan Collection code Home library Current library Date acquired Source of acquisition Cost, normal purchase price Full call number Barcode Copy number Cost, replacement price Koha item type
    Not For Loan Non-fiction D.B.Act.Division Bawana 26/09/2017 DBAD/PUB 450.00 920 ANI EN-104260 1 450.00 English Books

© Delhi Public Library
Hit Counter
free hit counter